Statistiques concernant Top 100 Villes les plus peuplées par deux lettres en 2100

Cliquez ici pour prendre le quiz!

Statistiques générales

  • Ce quiz a été pris 184 fois
  • Le résultat moyen est 37 sur 100

Statistiques - réponses

Population (en millions)VillesContinent% Correct
12ParisEurope
85%
8PatnaAsie
85%
57New DelhiAsie
78%
30New YorkAmérique du Nord
78%
16PékinAsie
76%
26ChennaiAsie
75%
10LoméAfrique
72%
10LondresEurope
72%
20Los AngelesAmérique du Nord
72%
88LagosAfrique
68%
27LahoreAsie
68%
67MumbaiAsie
65%
40ManilleAsie
63%
21MaputoAfrique
63%
52CalcuttaAsie
62%
26TokyoAsie
61%
8TorontoAmérique du Nord
61%
16Ho-Chi-Minh-VilleAsie
56%
41Le CaireAfrique
56%
36MogadiscioAfrique
56%
14MombasaAfrique
56%
11MonroviaAfrique
56%
8MoscouEurope-Asie
56%
9MosülAsie
56%
54DaccaAsie
49%
21DakarAfrique
49%
8DallasAmérique du Nord
49%
74Dar es SalaamAfrique
49%
27Sana'aAsie
49%
19São PauloAmérique du Sud
49%
41LilongweAfrique
46%
13LimaAmérique du Sud
46%
22MexicoAmérique du Nord
45%
34BagdadAsie
42%
23BamakoAfrique
42%
25BangaloreAsie
42%
12BangkokAsie
42%
11Benin CityAfrique
42%
18KigaliAfrique
42%
84KinshasaAfrique
42%
9NagpurAsie
42%
47NairobiAfrique
42%
20Rio de JaneiroAmérique du Sud
40%
9RiyadAsie
40%
8AlepAsie
38%
15AlexandrieAfrique
38%
12Al-HodeïdaAsie
38%
21ShanghaiAsie
38%
11ShenzhenAsie
38%
50KaboulAsie
37%
13KadunaAfrique
37%
40KampalaAfrique
37%
28KanoAfrique
37%
12KanpurAsie
37%
49KarachiAsie
37%
11BogotaAmérique du Sud
35%
9MiamiAmérique du Nord
35%
11JaipurAsie
32%
18JakartaAsie
32%
11YangonAsie
31%
17Buenos AiresAmérique du Sud
28%
15ChicagoAmérique du Nord
28%
19ChittagongAsie
28%
9ChongqingAsie
28%
56NiameyAfrique
28%
9Port HarcourtAfrique
27%
24LuandaAfrique
26%
15LubumbashiAfrique
26%
10LucknowAsie
26%
38LusakaAfrique
26%
17ConakryAfrique
23%
11Hong KongAsie
23%
11TaïzAsie
23%
8TéhéranAsie
22%
20AbidjanAfrique
19%
19AbujaAfrique
19%
17PuneAsie
19%
10DoualaAfrique
18%
15IstanbulEurope-Asie
18%
36Addis AbebaAfrique
17%
10TianjinAsie
17%
21AntananarivoAfrique
16%
15SurateAsie
16%
11AccraAfrique
15%
11FaisalabadAsie
12%
13GuangzhouAsie
12%
13HanoiAsie
12%
8OsakaAsie
12%
57KhartoumAfrique
8%
9PhiladelphieAmérique du Nord
8%
14Phnom PenhAsie
8%
21OuagadougouAfrique
7%
10WuhanAsie
6%
11GizahAfrique
5%
20AhmedabadAsie
4%
41BlantyreAfrique
4%
24IbadanAfrique
4%
14Mbuji-MayiAfrique
4%
29N'DjaménaAfrique
4%
23HyderabadAsie
2%

Distribution des résultats

Percentile par nombre de réponses

% des personnes avec chaque résultat

Votre développement - résultats

Vous n’avez pas pris ce quiz